000 00901nam a22002537a 4500
999 _c161897
_d161897
005 20190808105822.0
010 _a1819CHEN B-717474-494
020 _a9789385031632
_c199.00
035 _aB-717474-494
035 _aB-728541
037 _bPragati Publications
082 _aN
100 _aDickens, Charles
245 _aBleak house /
_cby Charles Dickens ; adapted by Swayam Ganguly
260 _aNew Delhi
_bOm Kidz
_c2018
270 _a107, Ansari Road, Darya Ganj
_bNew Delhi
_e110002
300 _a240p.:
_bill.
_c20cm(Hb)
490 _aOm illustrated classics
500 _aAirport
700 _aGanguly,Swayam
942 _2ddc
_cCH
_mDIC
_hN